الإسلام و الغرب / (رقم التسجيلة. 130906)

تفاصيل مارك
000 -الفاتح
عناصر البيانات ثابتة الطول 00716cam a2200205 i 4500
005 - تاريخ ووقت آخر معاملة
حقل ضبط 20251221105217.0
008 - عناصر البيانات ثابتة الطول
عناصر البيانات ثابتة الطول 250721s2014 gr 000 0 ara d
082 14 - رقم تصنيف ديوي العشري
رقم التصنيف 218.1
رقم المادة ن ع ى
100 1# - مدخل رئيسي – اسم شخصي
الاسم الشخصي النعيمي، ابراهيم النعمه
علاقة الشخص بالعمل/ دوره مؤلف.
245 12 - بيان العنوان
العنوان الإسلام و الغرب /
بيان المسؤولية ابراهيم النعمة.
250 ## - بيان الطبعة
بيان الطبعة الطبعة الرابعة.
264 31 - بيانات النشر، التوزيع…إلخ
مكان النشر، التوزيع...إلخ عمان :
اسم الناشر، الموزع...إلخ دار الفرقان للنشر والتوزيع،
تاريخ النشر، التوزيع...إلخ 2014.
300 ## - الوصف المادي
عدد الوحدات المكونة للوعاء 125 صفحة.
650 17 - مدخل إضافي بالموضوع - مصطلح موضوعي
مصطلح موضوعي أو اسم جغرافي كعنصر مدخل الثقافة الاسلامية.
650 17 - مدخل إضافي بالموضوع - مصطلح موضوعي
مصطلح موضوعي أو اسم جغرافي كعنصر مدخل الاسلام..
650 17 - مدخل إضافي بالموضوع - مصطلح موضوعي
مصطلح موضوعي أو اسم جغرافي كعنصر مدخل الغرب.
650 17 - مدخل إضافي بالموضوع - مصطلح موضوعي
مصطلح موضوعي أو اسم جغرافي كعنصر مدخل البلدان العربية.
942 ## - بيانات إضافية (كوها)
نوع التنصيف Dewey Decimal Classification
نوع المادة (كوها) كتب
المقتنيات
حالة السحب حالة الفقدان مصدر التصنيف حالة التلف غير قابل للإعارة المكتبة الرئيسية المكتبة الحالية موقع الرف تاريخ التزويد الرقم المتسلسل Total Checkouts رقم الإستدعاء الباركود تاريخ آخر ظهور تاريخ الفاتورة نوع المادة (كوها)
    Dewey Decimal Classification     المكتبة المركزية المكتبة المركزية الإعارة 28/07/2025 1588788   218.1 / ن ع ى PLD00313083 28/07/2025 28/07/2025 كتب
    Dewey Decimal Classification     مكتبة الاميرة بديعة مكتبة الاميرة بديعة الإعارة 06/01/2015 1588790   218.1/نعي PLD00313689 28/07/2025 06/01/2015 كتب
    Dewey Decimal Classification     مكتبة الجويدة مكتبة الجويدة الإعارة 06/01/2015 1588791   218.1/نعي PLD00313690 28/07/2025 06/01/2015 كتب
    Dewey Decimal Classification     مكتبة حمزة العامة مكتبة حمزة العامة الإعارة 06/01/2015 1588792   218.1/نعي PLD00313691 28/07/2025 06/01/2015 كتب
Implemented & Customized by: BBB with SCIT (Smart Chains for Information Technology)

Powered by Koha